|
|
|
|
| LEADER |
00000nam a2200000 a 4500 |
| 001 |
000001782 |
| 003 |
CO-BoSNA |
| 005 |
20251227053338.0 |
| 008 |
971201s1991^^^^sp^a^^^fr^^^^^000^0^spa^d |
| 020 |
|
|
|a 8487022731
|
| 040 |
|
|
|a CO-BoSNA
|b spa
|
| 041 |
0 |
|
|a spa
|h ja
|
| 043 |
|
|
|a e-sp---
|
| 245 |
0 |
0 |
|a Poka-yoke :
|b mejorando la calidad del producto evitando los defectos. /
|c traducción y revisión Antonio Cuesta Alvarez.
|
| 260 |
|
|
|a Madrid :
|b Tecnologías de Gerencia y Producción,
|c 1991.
|
| 300 |
|
|
|a 277 p :
|b il ;
|c 27 cm.
|
| 505 |
2 |
|
|a Resúmen del Poka-yoke -- 240 ejemplos de poka-yoke: Errores de proceso, de montaje. ensamble ... Errores de inserción ... Omisiones en montaje y en proceso, Errores de medicion ... Omision de operaciones, Errores de operacion, pegado, inspección, cableado, pintura... Desalineamientos ... Errores preparacion maquinas, embalaje-empaquetado ... Errores lavado , Problemas miscelaneos...
|
| 534 |
|
|
|t Pokayoke dai zukan
|
| 650 |
1 |
7 |
|a ADMINISTRACION INDUSTRIAL
|2 LEMB
|
| 650 |
|
7 |
|a CONTROL DE CALIDAD
|2 LEMB
|
| 650 |
|
7 |
|a INNOVACIONES TECNOLOGICAS
|2 LEMB
|
| 700 |
1 |
|
|a CUESTA ALVAREZ, Antonio,
|e traductor
|
| 952 |
|
|
|0 0
|1 0
|4 6
|6 658_515000000000000_P761
|7 0
|8 GENER
|9 26554
|a 11211
|b 11211
|d 2006-02-02
|l 0
|o 658.515 P761
|p 119211012634
|r 2025-12-27 05:33:38
|t Ej. 1
|w 2025-12-27
|y BOOK
|z Calle 15 No. 31-42, Bogotá
|
| 999 |
|
|
|c 5782
|d 5782
|